Supervisory management (Record no. 1459)
[ view plain ]
| 000 -LEADER | |
|---|---|
| fixed length control field | 00638nam a22002057a 4500 |
| 005 - DATE AND TIME OF LATEST TRANSACTION | |
| control field | 20230512221225.0 |
| 008 - FIXED-LENGTH DATA ELEMENTS--GENERAL INFORMATION | |
| fixed length control field | 180205t xxu||||| |||| 00| 0 eng d |
| 020 ## - INTERNATIONAL STANDARD BOOK NUMBER | |
| International Standard Book Number | 9710854917 |
| 040 ## - CATALOGING SOURCE | |
| Transcribing agency | CSPC |
| 082 0# - DEWEY DECIMAL CLASSIFICATION NUMBER | |
| Classification number | 658.3 |
| Item number | M672s |
| 100 ## - MAIN ENTRY--PERSONAL NAME | |
| Personal name | Miranda, Gregorio S., |
| Relator term | author. |
| 245 00 - TITLE STATEMENT | |
| Title | Supervisory management |
| Statement of responsibility, etc. | Gregorio S. Miranda |
| 260 ## - PUBLICATION, DISTRIBUTION, ETC. | |
| Place of publication, distribution, etc. | Manila : |
| Name of publisher, distributor, etc. | National Book Store, |
| Date of publication, distribution, etc. | 1993 |
| 300 ## - PHYSICAL DESCRIPTION | |
| Extent | v, 165 pages : |
| Dimensions | 22 cm. |
| 650 10 - SUBJECT ADDED ENTRY--TOPICAL TERM | |
| Topical term or geographic name entry element | Personnel management. |
| 650 10 - SUBJECT ADDED ENTRY--TOPICAL TERM | |
| Topical term or geographic name entry element | Supervision of employees. |
| 942 ## - ADDED ENTRY ELEMENTS (KOHA) | |
| Koha item type | |
| -- | FIL 658.3 M672s 1993 |
| Withdrawn status | Lost status | Damaged status | Not for loan | Home library | Current library | Shelving location | Date acquired | Total Checkouts | Full call number | Barcode | Date last seen | Copy number | Price effective from | Koha item type |
|---|---|---|---|---|---|---|---|---|---|---|---|---|---|---|
| Main Library | Main Library | Filipiniana Section | 05/12/2023 | FIL 658.3 M672s 1993 | 004986 | 05/12/2023 | 1-4 | 05/12/2023 | Books | |||||
| Main Library | Main Library | Filipiniana Section | 05/12/2023 | FIL 658.3 M672s 1993 | 004987 | 05/12/2023 | 2-4 | 05/12/2023 | Books | |||||
| Main Library | Main Library | Filipiniana Section | 05/12/2023 | FIL 658.3 M672s 1993 | 004989 | 05/12/2023 | 3-4 | 05/12/2023 | Books | |||||
| Main Library | Main Library | Filipiniana Section | 05/12/2023 | FIL 658.3 M672s 1993 | 004990 | 05/12/2023 | 4-4 | 05/12/2023 | Books |